000 00422nam a2200157Ia 4500
008 210716s2013 xx 000 0 und d
020 _a9780749467753
041 _aeng
082 _a374.22 TAYR
100 _aTaylor, Ros.
245 _aConfidence at work: get it feel it keep it.
_bGet it feel it keep it.
250 _a2
260 _aNew Delhi
_bKogan Page
_c2013
300 _axv,194
650 _aGeneral Management
999 _c208335
_d208335